00717nam a22002417a 450000500170000001000140001702000100003103500140004103700160005504000120007108200180008310000250010124501080012625000120023426000430024627000380028930000310032750000200035865000250037865000260040370000240042970000220045320170124110156.0 aTA-004197 c25.00 aTA-004197 bCen Lib/Ret aDPLbEN a636.0896bRUN aRunnells, Russell A. aPrinciples of veterinary pathology /cby Russell A. Runnells, William S. Monlux [and] Andrew W. Monlux  a7th ed. bScientific Book AgencyaCalcuttac1976 bCalcuttaa22 Raja Woodmunt Street axiv,958p. c25cm(Hb)bill. aIncludes index  aVeterinary Pathology aPathology, Veterinary aMonlux, William S.  aMonlux, Andrew W.